000 00593nam a2200193 i 4500
001 130144
003 ES-MaACL
005 20231027063024.0
007 t|
008 070719q1946 sp ||||1| spa d
100 1 _aZweig, Stefan,
_d1881-1942
_9118562
245 1 3 _aLa lucha contra el mundo /
_cStefan Zweig ; [traducción de G. Almagro Rodiera].
260 _a[Barcelona :
_bA. G. Ivern,
_c1946?]
300 _a346 p. ;
_c16 cm.
500 _aEj. falto de portada.
700 1 _aAlmagro Rodiera, G.
_920080
852 _aES-MaACL
_jD-6716
_bR.27019
999 _c130144
_d130144